Central Library OPAC University of Rajshahi

Experiments on mass communication / (Record no. 33512)

MARC details
000 -LEADER
fixed length control field 01168nam a2200337 4500
001 - CONTROL NUMBER
control field 33512
003 - CONTROL NUMBER IDENTIFIER
rucl marc code BD-RjUL
005 - DATE AND TIME OF LATEST TRANSACTION
control field 20211209052024.0
008 - FIXED-LENGTH DATA ELEMENTS--GENERAL INFORMATION
fixed length control field 140508s1949 nju 001 0 eng d
035 ## - SYSTEM CONTROL NUMBER
System control number (OCoLC)ocm00350165
System control number (BD-RjUL)33603
System control number (NNC)3157525
040 ## - CATALOGING SOURCE
Original cataloging agency OUN
Transcribing agency OUN
Modifying agency IAY
-- ZCU
-- BD-RjUL
Language of cataloging eng
041 ## - LANGUAGE CODE
Language code of text/sound track or separate title eng
082 ## - DEWEY DECIMAL CLASSIFICATION NUMBER
Classification number 301.16019
Author mark and year HOE V-3 1949
099 ## - LOCAL FREE-TEXT CALL NUMBER (OCLC)
Bangla Class number 380
-- Ex7
100 1# - MAIN ENTRY--PERSONAL NAME
Personal name Hovland, Carl Iver,
Dates associated with a name 1912-
9 (RLIN) 101705
245 10 - TITLE STATEMENT
Title Experiments on mass communication /
Statement of responsibility, etc. by Carl I. Hovland, Arthur A. Lumsdaine, and Fred D. Sheffield.
Number of part/section of a work Volume III
260 ## - PUBLICATION, DISTRIBUTION, ETC. (IMPRINT)
Place of publication, distribution, etc. Princeton :
Name of publisher, distributor, etc. Princeton University Press,
Date of publication, distribution, etc. 1949.
300 ## - PHYSICAL DESCRIPTION
Pagination x, 345 p.
Illustrations tables, diagrs.
Size 25 cm.
490 1# - SERIES STATEMENT
Series statement Studies in social psychology in World War II ;
Volume/sequential designation v. 3
504 ## - BIBLIOGRAPHY, ETC. NOTE
Bibliography, etc Includes index.
650 #0 - SUBJECT ADDED ENTRY--TOPICAL TERM
Topical term or geographic name as entry element Communication
General subdivision Psychological aspects.
9 (RLIN) 45971
Topical term or geographic name as entry element Psychology, Military.
9 (RLIN) 101706
700 1# - ADDED ENTRY--PERSONAL NAME
Personal name Lumsdaine, Arthur A.,
Relator term author.
Personal name Sheffield, Fred D.,
Relator term author.
830 #0 - SERIES ADDED ENTRY--UNIFORM TITLE
Volume number/sequential designation v. 3.
830 #0 - SERIES ADDED ENTRY--UNIFORM TITLE
Uniform title Studies in social psychology in World War II ;
942 ## - ADDED ENTRY ELEMENTS (KOHA)
Source of classification or shelving scheme Dewey Decimal Classification
Koha item type Books
Holdings
Lost status Source of classification or shelving scheme Damaged status Not for loan Collection code Permanent Location Current Location Shelving location Date acquired Source of acquisition Cost, normal purchase price Total Checkouts Full call number Date last seen Copy number Koha item type
  Dewey Decimal Classification   Not For Loan Non-fiction Central Library, University of Rajshahi Central Library, University of Rajshahi Reading Room 19/11/1957 OXFORD UNIVERSITY 32.80   301.16019 HOE V-3 1949 08/05/2014 C-1 Books